01358nam a2200157 a 4500008004100000020001800041041000800059100004700067245005700114250001100171260003500182300002100217500009700238505085000335655001501185180205t2015 ag ||||g |||| 00| 0 spa d a9789504946472 aspa 1aJean, BlueqFrancisco de Paula Fernández aAlgo tan sencillo como tuitear te quiero/cBlue Jean a2a ed. aBuenos Aires:bPlaneta;c2015. a544 p.c23x15 cm aJean, B. (2015). Algo tan sencillo como tuitear te quiero. (2a ed.). Buenos Aires : Planeta. aEl primer año en la universidad marca la vida muchas personas. Te enfrentas a nuevos retos, nuevas ilusiones y numerosos cambios que, por más que los tengas previstos, no dejan de sorprenderte. Todo esto se multiplica si, además, ese primer año transcurre en una residencia de estudiantes. Vives veinticuatro horas, los siete días de la semana, con lo que terminan convirtiéndose en tus mejores amigos. Abres los ojos de par en par y surge el amo, llegan las decepciones, descubres la pasión, te persiguen las tentaciones, conoces a fondo tus miedos... Todo un ritmo que da vértigo. Los chicos de la Residencia Benjamín Franklin afronta esa época repletos de sueños y también de dudas. Las cosas no siempre son lo que parecen ni terminan como uno desea. Pero tienes que alcanzar la moneda para saber si sale cara o ceca. aLiteratura